LIBRARY & INFORMATION CENTRE, KCAET, TAVANUR

ONLINE PUBLIC ACCESS CATALOGUE (OPAC)

Health, culture and community case studies of public reactions of health programs / (Record no. 2094)

MARC details
000 -LEADER
fixed length control field 00420cam a2200145ua 4500
041 ## - LANGUAGE CODE
Language code of text/sound track or separate title eng
082 ## - DEWEY DECIMAL CLASSIFICATION NUMBER
Classification number 362.1
Item number PAU/HE
100 ## - MAIN ENTRY--AUTHOR NAME
Personal name Paul, Benjamin.D .
245 ## - TITLE STATEMENT
Title Health, culture and community case studies of public reactions of health programs /
260 ## - PUBLICATION, DISTRIBUTION, ETC. (IMPRINT)
Place of publication :
Name of publisher Russell sage foundation ,
Year of publication 1955.
300 ## - PHYSICAL DESCRIPTION
Number of Pages 493 ; .
942 ## - ADDED ENTRY ELEMENTS (KOHA)
Koha item type Books
Holdings
Withdrawn status Lost status Damaged status Home library Current library Date acquired Full call number Accession Number Koha item type
Withdrawn     KAUAET Sanskrit University 07/04/2012 362.1 675 Books
free website counter